000 00620nab a2200193 4500
001 244442
003 OSt
005 20260108123340.0
007 tu
008 260108s2020|||||||
040 _aDE-2950
_cDE-2950
245 0 0 _aGenerationswechsel nach der Wahl
_bGlauben. Die evangelische Kirchengemeinde in Frankfurt und Lebus hat einen neuen Gemeindekirchenrat gewählt/
_cir
264 _c2025
653 _aFrankfurt (Oder)
653 _aEvangelische Kirchengemeinde
653 _aGemeindekirchenrat
773 0 _g36. Jahrgang (2025) Nr. 294 vom 18.12.2025, S. 15 mit Foto
_tMärkische Oderzeitung
942 _2z
_cA
999 _c374173
_d374173